Ríos de España - Estadísticas

Estadísticas generales
  • Esta prueba ha sido intentada 526 veces
  • La puntuación promedio es 7 de 8
Estadísticas de respuestas
Río % Correcto
Ebro
97%
Guadalquivir
97%
Tajo
96%
Guadiana
90%
Duero
88%
Miño
83%
Segura
70%
Júcar
58%
No se encontraron pruebas coincidentes
Distribución de puntuación
Porcentaje de gente con cada puntuación
Porcentaje por número respondido
Historial de tus puntuaciones
No has intentado esta prueba.